Talleres de educación democrática. TED: cuaderno de apoyo para los participantes de talleres

Uloženo v:
Podrobná bibliografie
Hlavní autoři: Hevia Rivas, Ricardo (Autor), Assael, Jenny (Autor), Cerda T., Ana María (Autor), Guzmán E., Isabel (Autor), Peñafiel J., Sergio (Autor)
Médium: Kniha
Jazyk:španělština
Vydáno: Santiago PIIE 1990
Vydání:1a. ed
Témata:
Tagy: Přidat tag
Žádné tagy, Buďte první, kdo vytvoří štítek k tomuto záznamu!

MARC

LEADER 00000nam a2200000 a 4500
001 UCY1577
003 CL-VaPUC
008 940907e19900000CL |||||||||||||||||spa|d
082 0 4 |a 370.71  |b HEV  |2 21 
100 |a Hevia Rivas, Ricardo  |e author  |9 343496 
700 |a Assael, Jenny  |e author  |9 312225 
700 0 |a Cerda T., Ana María  |e author  |9 329591 
700 0 |a Guzmán E., Isabel  |e author  |9 329592 
700 0 |a Peñafiel J., Sergio  |e author  |9 329593 
245 1 0 |a Talleres de educación democrática. TED: cuaderno de apoyo para los participantes de talleres 
250 |a 1a. ed 
300 |a 56 p 
942 |c BK 
945 |d 19940907 00:00:00  |a rbrito 
260 |a Santiago  |b PIIE  |c 1990 
650 7 |a FORMACION PROFESIONAL DE DOCENTES  |2 CL-VaPUC  |9 329594 
583 |a last modification  |c 20160907 09:21:11  |k Rodrigo Vera 
999 |c 230237  |d 230235 
952 |0 0  |1 0  |4 0  |6 370_710000000000000_HEV_1990  |7 0  |8 P  |9 232307  |a BIBEDU  |b BIBEDU  |c BIBEDU_PB  |d 2019-11-15  |i 3001245  |o 370.71 HEV 1990  |p 3001245  |r 2024-01-25  |w 2019-11-15  |y BK  |k EDU 
952 |0 0  |1 0  |4 0  |6 370_710000000000000_HEV_1990  |7 0  |8 P  |9 232308  |a BIBEDU  |b BIBEDU  |c BIBEDU_PB  |d 2019-11-15  |i 4595254  |o 370.71 HEV 1990  |p 4595254  |r 2024-01-25  |w 2019-11-15  |y BK  |k BME